[Event "Jerusalem Japhet Memorial op 3rd"]
[Site "Jerusalem"]
[Date "2016.07.15"]
[Round "7"]
[White "Poleg, Dan"]
[Black "Solomon, Asif"]
[Result "1-0"]
[WhiteElo "2274"]
[BlackElo "2072"]
[PlyCount "74"]
[EventDate "2016.07.10"]
[EventType "swiss"]
[EventRounds "7"]
[EventCountry "ISR"]
[SourceTitle "CBM 173 Extra"]
[Source "ChessBase"]
[SourceDate "2016.08.29"]
[SourceVersion "1"]
[SourceVersionDate "2016.08.29"]
[SourceQuality "1"]

1. Nf3 Nf6 2. b3 g6 3. Bb2 Bg7 4. e3 0-0 5. Be2 c5 6. 0-0 d6 7. d4 Nbd7 8. c4 a6 9. Nc3 e6 10. a4 b6 11. a5 Bb7 12. axb6 Qxb6 13. Na4 Qc7 14. dxc5 Nxc5 15. Nxc5 dxc5 16. Be5 Qc6 17. Qc2 Rfd8 18. Qb2 Ne8 19. Bxg7 Nxg7 20. Rfd1 Nf5 21. Bf1 Qe8 22. Ne5 Qf8 23. Nd7 Qh6 24. Nxc5 Bc6 25. Rxd8+ Rxd8 26. Rxa6 Bxg2 27. Qf6 Rd1 28. Kxg2 Nxe3+ 29. fxe3 Rd2+ 30. Kf3 Qh5+ 31. Ke4 Qg4+ 32. Qf4 f5+ 33. Ke5 Qd1 34. Nxe6 Rd8 35. Nxd8 Qxd8 36. Rd6 Qa5+ 37. Rd5 Qc7+ 1-0

[Event "Jerusalem Japhet Memorial op 3rd"]
[Site "Jerusalem"]
[Date "2016.07.12"]
[Round "4"]
[White "Veinberg, Nimrod"]
[Black "Poleg, Dan"]
[Result "1-0"]
[WhiteElo "2372"]
[BlackElo "2274"]
[PlyCount "153"]
[EventDate "2016.07.10"]
[EventType "swiss"]
[EventRounds "7"]
[EventCountry "ISR"]
[SourceTitle "CBM 173 Extra"]
[Source "ChessBase"]
[SourceDate "2016.08.29"]
[SourceVersion "1"]
[SourceVersionDate "2016.08.29"]
[SourceQuality "1"]

1. Nf3 d5 2. g3 Nf6 3. Bg2 c6 4. c4 Bg4 5. Ne5 Bh5 6. cxd5 Nxd5 7. g4 Bg6 8. Qb3 Qc7 9. Nc3 e6 10. d4 Qb6 11. Qxb6 Nxb6 12. h4 f6 13. Nxg6 hxg6 14. Bf4 N8d7 15. 0-0-0 Kf7 16. Bg3 Be7 17. Ne4 Nd5 18. Nd6+ Bxd6 19. Bxd6 N7b6 20. Kb1 Rad8 21. Bg3 Ne7 22. e3 Nbd5 23. Rc1 Rd7 24. Kc2 Nb4+ 25. Kb3 Nbd5 26. a3 Nb6 27. Kc2 Nbd5 28. Bf3 Rdd8 29. Kd3 Nb6 30. Ke2 Rd7 31. Be4 Nbd5 32. Bb1 Nb6 33. Ba2 Nbd5 34. Rcd1 Rdd8 35. Rd2 Rd7 36. f3 Nb6 37. Bb3 Rdd8 38. Bf2 Rd7 39. Rc2 Nbd5 40. Kf1 Rdd8 41. Kg2 Rd7 42. Re2 Rd6 43. Rhe1 Rhd8 44. Kg3 R6d7 45. Ba2 Nc7 46. Kg2 Ng8 47. e4 Nb5 48. Rd2 Ne7 49. Red1 Nc7 50. Be3 Ke8 51. Bb3 Kf7 52. Kg3 Ke8 53. a4 Kf7 54. Bf2 Ke8 55. Be3 Kf7 56. Rc1 Ke8 57. Re2 Kf7 58. Bf2 Kf8 59. Rce1 Ng8 60. Kg2 Nh6 61. Bg3 Ne8 62. Bf2 Nc7 63. Be3 Ke7 64. d5 cxd5 65. exd5 e5 66. Bc5+ Ke8 67. Rxe5+ fxe5 68. Rxe5+ Ne6 69. Rxe6+ Kf7 70. Bxa7 Ng8 71. d6 Kf8 72. g5 Re8 73. Bc5 Rxe6 74. Bxe6 Rd8 75. a5 Ke8 76. Bxg8 Kd7 77. Bd5 1-0

[Event "Jerusalem Japhet Memorial op 3rd"]
[Site "Jerusalem"]
[Date "2016.07.11"]
[Round "3"]
[White "Poleg, Dan"]
[Black "Musyuk, Lior"]
[Result "1/2-1/2"]
[WhiteElo "2274"]
[BlackElo "2062"]
[PlyCount "74"]
[EventDate "2016.07.10"]
[EventType "swiss"]
[EventRounds "7"]
[EventCountry "ISR"]
[SourceTitle "CBM 173 Extra"]
[Source "ChessBase"]
[SourceDate "2016.08.29"]
[SourceVersion "1"]
[SourceVersionDate "2016.08.29"]
[SourceQuality "1"]

1. Nf3 c5 2. b3 b6 3. Bb2 Bb7 4. e3 a6 5. Be2 d6 6. 0-0 Nf6 7. d4 Nbd7 8. c4 e6 9. Nc3 Be7 10. Qc2 cxd4 11. Nxd4 d5 12. Rfd1 Rc8 13. a3 0-0 14. Qd2 Nc5 15. b4 Nce4 16. Nxe4 Nxe4 17. Qe1 Bd6 18. cxd5 exd5 19. Nf5 Qg5 20. Nxd6 Nxd6 21. Qf1 Nf5 22. Bxa6 Bxa6 23. Qxa6 Nxe3 24. fxe3 Rc2 25. Qf1 Rxb2 26. Qf3 Rd8 27. Rd3 h6 28. Rf1 Rd7 29. g3 Re7 30. Rf2 Rxf2 31. Kxf2 Re4 32. Rc3 Qe7 33. Qf5 g6 34. Qxd5 Qf6+ 35. Kg2 Qxc3 36. Qa8+ Kh7 37. Qxe4 Qxa3 1/2-1/2

[Event "EU School-chT 05th"]
[Site "Bastia"]
[Date "2016.06.09"]
[Round "2.3"]
[White "Bayo Milagro, Alvaro"]
[Black "Poleg, Dan"]
[Result "0-1"]
[WhiteElo "2229"]
[BlackElo "2211"]
[PlyCount "216"]
[EventDate "2016.06.10"]
[EventType "team-tourn"]
[EventRounds "3"]
[EventCountry "FRA"]
[SourceTitle "EXT 2024"]
[Source "ChessBase"]
[SourceDate "2023.10.10"]
[SourceVersion "1"]
[SourceVersionDate "2023.10.10"]
[SourceQuality "1"]

1. e4 e5 2. Bc4 Nc6 3. Nc3 Bc5 4. d3 Nf6 5. f4 d6 6. Nf3 a6 7. Qe2 0-0 8. Be3 Bxe3 9. Qxe3 Qe7 10. f5 Na5 11. 0-0 b5 12. Bb3 Re8 13. h3 Nxb3 14. axb3 b4 15. Ne2 d5 16. Ng3 Bb7 17. Ra5 Qd6 18. Re1 dxe4 19. dxe4 Rac8 20. Qc5 Qxc5+ 21. Rxc5 Nd7 22. Ra5 f6 23. Nd2 Nb6 24. Kf2 Red8 25. Ke3 Rd7 26. Rc5 Kf7 27. Nf3 Rd6 28. Re2 Nd7 29. Ra5 g6 30. fxg6+ hxg6 31. Rd2 Ke6 32. c3 Rc6 33. cxb4 Rb6 34. b5 Rxb5 35. Rxb5 axb5 36. b4 Nb6 37. b3 Ra8 38. Rc2 c6 39. Ne2 Ra3 40. Nc1 f5 41. exf5+ gxf5 42. Ne1 Nd5+ 43. Kf2 Nxb4 44. Rd2 Nd5 45. Ned3 Bc8 46. Nc5+ Kf6 47. Rc2 e4 48. Ne2 Ke5 49. g3 f4 50. gxf4+ Nxf4 51. Nxf4 Kxf4 52. Re2 Bf5 53. h4 Ra1 54. Nb7 Rh1 55. Kg2 Rxh4 56. Nd6 Rh6 57. Rf2+ Ke5 58. Nxf5 Rg6+ 59. Kf1 c5 60. Ne3 Kd4 61. Ke2 Ra6 62. Nc2+ Kc3 63. Kd1 Kxb3 64. Re2 Ra2 65. Re3+ Kb2 66. Rxe4 Ra8 67. Re2 Kc3 68. Re3+ Kb2 69. Re2 Kc3 70. Re3+ Kb2 71. Re2 Rd8+ 72. Ke1 Kb3 73. Na1+ Kc3 74. Rc2+ Kb4 75. Rb2+ Ka5 76. Nb3+ Kb6 77. Nd2 Rd4 78. Kd1 c4 79. Kc2 Kc5 80. Ra2 Rh4 81. Ra8 Rh2 82. Rc8+ Kb4 83. Kc1 Kc3 84. Ne4+ Kb3 85. Nc5+ Kb4 86. Ne4 Re2 87. Nd6 Re6 88. Nf5 Re5 89. Nd4 Kc3 90. Nc2 Rh5 91. Ne1 Rh1 92. Re8 b4 93. Re3+ Kd4 94. Re2 c3 95. Kc2 Rh8 96. Nf3+ Kd5 97. Re5+ Kc4 98. Re4+ Kc5 99. Ne1 Rh2+ 100. Kd3 Rd2+ 101. Ke3 b3 102. Re8 b2 103. Rc8+ Kb4 104. Rb8+ Kc4 105. Nf3 Rd3+ 106. Ke2 Rd5 107. Ne1 Rb5 108. Rc8+ Kb3 0-1

[Event "Kiryat Ono op 6th"]
[Site "Kiryat Ono"]
[Date "2015.07.05"]
[Round "1"]
[White "Dvoirys, Semen I"]
[Black "Poleg, Dan"]
[Result "1-0"]
[WhiteElo "2550"]
[BlackElo "2167"]
[PlyCount "63"]
[EventDate "2015.07.05"]
[EventType "swiss"]
[EventRounds "5"]
[EventCountry "ISR"]
[SourceTitle "CBM 167 Extra"]
[Source "ChessBase"]
[SourceDate "2015.09.14"]
[SourceVersion "1"]
[SourceVersionDate "2015.09.14"]
[SourceQuality "1"]

1. e4 e5 2. Nf3 Nc6 3. Bb5 Nge7 4. 0-0 g6 5. c3 Bg7 6. d4 exd4 7. cxd4 a6 8. Ba4 b5 9. Bc2 d6 10. h3 0-0 11. Nc3 Na5 12. d5 Nc4 13. Nd4 h6 14. b3 Nb6 15. Bb2 f5 16. exf5 Nxf5 17. Bxf5 Bxf5 18. Qd2 Qh4 19. Ne6 Bxe6 20. dxe6 Rae8 21. Rae1 Qf4 22. Re3 Bd4 23. Qd3 Bg7 24. Qxg6 Qf5 25. Qg3 Kh7 26. Rfe1 Be5 27. Rxe5 dxe5 28. Rxe5 Qg6 29. Qe3 Rg8 30. g4 Rd8 31. Ne4 Nd5 32. Rxd5 1-0

[Event "EU-ch 16th"]
[Site "Jerusalem"]
[Date "2015.03.04"]
[Round "8"]
[White "Poleg, Dan"]
[Black "Gershkowich, David"]
[Result "0-1"]
[WhiteElo "1992"]
[BlackElo "2227"]
[PlyCount "68"]
[EventDate "2015.02.24"]
[EventType "swiss"]
[EventRounds "11"]
[EventCountry "ISR"]
[SourceTitle "CBM 166"]
[Source "ChessBase"]
[SourceDate "2015.05.11"]
[SourceVersion "1"]
[SourceVersionDate "2015.05.11"]
[SourceQuality "1"]

1. d4 Nf6 2. c4 e6 3. Nf3 d5 4. Nc3 Be7 5. Bg5 h6 6. Bxf6 Bxf6 7. e3 0-0 8. Qd2 Nc6 9. Be2 dxc4 10. Bxc4 e5 11. d5 Ne7 12. Ne4 Nf5 13. Nxf6+ Qxf6 14. Qc3 Nd6 15. Be2 Re8 16. h3 Bf5 17. 0-0 Re7 18. Rac1 Be4 19. Rfd1 c6 20. dxc6 Bxc6 21. Qb4 Re6 22. Nd2 Qg5 23. Qg4 Qe7 24. Qb4 Rg6 25. Nf3 Qe6 26. Kh2 Qf6 27. e4 a5 28. Qc5 Bxe4 29. Rg1 Rc8 30. Qxe5 Qxe5+ 31. Nxe5 Rxc1 32. Nxg6 Rxg1 33. Ne7+ Kf8 34. Kxg1 Kxe7 0-1

[Event "EU-ch 16th"]
[Site "Jerusalem"]
[Date "2015.02.27"]
[Round "4"]
[White "Erenberg, Ariel"]
[Black "Poleg, Dan"]
[Result "1-0"]
[WhiteElo "2278"]
[BlackElo "1992"]
[PlyCount "121"]
[EventDate "2015.02.24"]
[EventType "swiss"]
[EventRounds "11"]
[EventCountry "ISR"]
[SourceTitle "CBM 166"]
[Source "ChessBase"]
[SourceDate "2015.05.11"]
[SourceVersion "1"]
[SourceVersionDate "2015.05.11"]
[SourceQuality "1"]

1. d4 d5 2. c4 dxc4 3. e4 Nf6 4. e5 Nd5 5. Bxc4 Nc6 6. Be3 Bf5 7. Nc3 e6 8. Nxd5 exd5 9. Bb5 Bd7 10. Be2 Bb4+ 11. Bd2 Bxd2+ 12. Qxd2 0-0 13. Nf3 f6 14. 0-0 Bf5 15. Qc3 Kh8 16. Bb5 Ne7 17. Rae1 Be4 18. exf6 Rxf6 19. Ng5 Bf5 20. Qc5 Nc6 21. Bxc6 bxc6 22. Re7 Kg8 23. Rfe1 Rc8 24. R1e5 Qf8 25. Qc1 h6 26. Qe3 Bg6 27. Nf3 Rf4 28. Nd2 Rb8 29. g3 Rf6 30. b3 Rc8 31. h4 Kh7 32. h5 Bf5 33. b4 Bg4 34. Kg2 Rf5 35. f3 Bxh5 36. Rxf5 Qxf5 37. g4 Bxg4 38. fxg4 Qxg4+ 39. Qg3 Qxg3+ 40. Kxg3 Rb8 41. a3 a5 42. Nb3 axb4 43. a4 c5 44. dxc5 d4 45. Re4 d3 46. Rd4 d2 47. Rxd2 Re8 48. Kf2 Rf8+ 49. Kg2 Re8 50. Rd4 Re2+ 51. Kf3 Rb2 52. Rxb4 g5 53. Rb7 Kg6 54. c6 Rc2 55. Nd4 Rc4 56. Ke3 g4 57. Rxc7 g3 58. Rd7 h5 59. c7 Kg5 60. Rd6 Rxd4 61. Rxd4 1-0

[Event "Wch U14"]
[Site "Durban"]
[Date "2014.09.27"]
[Round "9"]
[White "Lagunow, Raphael"]
[Black "Poleg, Dan"]
[Result "1-0"]
[WhiteElo "2205"]
[BlackElo "1988"]
[PlyCount "73"]
[EventDate "2014.09.20"]
[EventType "swiss"]
[EventRounds "11"]
[EventCountry "RSA"]
[SourceTitle "CBM 162 Extra"]
[Source "ChessBase"]
[SourceDate "2014.10.17"]
[SourceVersion "1"]
[SourceVersionDate "2014.10.17"]
[SourceQuality "1"]

1. Nf3 Nf6 2. g3 d5 3. Bg2 c6 4. 0-0 Bg4 5. c4 e6 6. Qb3 Qb6 7. d4 Qxb3 8. axb3 Bd6 9. Nc3 Nbd7 10. c5 Bb8 11. b4 e5 12. dxe5 Nxe5 13. Nd4 0-0 14. b5 Bd7 15. f4 Ng6 16. bxc6 bxc6 17. Ra6 Ne7 18. e4 Bc8 19. Rxc6 Nxc6 20. Nxc6 Re8 21. exd5 Bb7 22. d6 Kf8 23. Rd1 Rc8 24. Ne7 Bxd6 25. cxd6 Rcb8 26. Nc6 Rc8 27. Ne5 Bxg2 28. Kxg2 Rd8 29. Be3 Rab8 30. Rd2 Rb7 31. Kf3 a6 32. Na4 Nd7 33. Nc5 Nxc5 34. Bxc5 f6 35. d7+ Kg8 36. Be7 fxe5 37. Bxd8 1-0